| 000 | 00561cam2a220016900 4500 | ||
|---|---|---|---|
| 005 | 20190819105338.0 | ||
| 008 | 970317 | ||
| 020 | _a3823512433 | ||
| 035 | _a(Sirsi) a151299 | ||
| 050 | 0 |
_aSB950.A3 _bPes 1995 |
|
| 245 | 1 | 0 |
_aPesticides in tropical agriculture : _bhazards and alternatives / _cArnold Schwab and others. |
| 260 |
_aWeikersheim : _bMargraf Verlag, _cc1995. |
||
| 350 | _a25 | ||
| 504 | _aBibliography | ||
| 650 | 0 |
_aPesticides _6S760.1 |
|
| 700 | 0 | 0 |
_aSchwab, Arnold, joint aut. _eSchwab, Arnold, joint aut. _6A103812.1 |
| 999 |
_c104724 _d104725 |
||